Lineamientos para la formulación de escenarios del mercado de carne vacuna en la Argentina. : en el marco del convenio UCA - IPCVA /
Guardado en:
| Formato: | Libro |
|---|---|
| Idioma: | Spanish |
| Publicado: |
Buenos Aires :
IPCVA,
2005.
|
| Series: | Documento de Trabajo ;
Nº 1 |
| Acceso en línea: | Texto completo |
| Etiquetas: |
Agregar Etiqueta
Sin Etiquetas, Sea el primero en etiquetar este registro!
|
| LEADER | 00755nam a22001695a 4500 | ||
|---|---|---|---|
| 001 | EEA.libagro007495 | ||
| 005 | 20180514120508.0 | ||
| 008 | 130809s2005####ag#a##########000#0#spa#d | ||
| 020 | |a 9872228000 | ||
| 082 | 0 | 4 | |a 338.1762 |
| 245 | 0 | 0 | |a Lineamientos para la formulación de escenarios del mercado de carne vacuna en la Argentina. : |b en el marco del convenio UCA - IPCVA / |c Instituto de Promoción de la Carne Vacuna Argentina. |
| 260 | |a Buenos Aires : |b IPCVA, |c 2005. | ||
| 300 | |a 144 p. : |b il. ; |c 20 cm. | ||
| 490 | 1 | |a Documento de Trabajo ; |v Nº 1 | |
| 856 | |u http://www.ipcva.com.ar/files/LIBRO%20UCA%202005.pdf |3 Texto completo | ||
| 859 | |a AR-BbBCA |b BIB. AGRONOMIA |h 338.1762 |i L754 |p 2005/4866 | ||
| 859 | |a AR-BbBCA |b BIB. AGRONOMIA |h 338.1762 |i L754 |p 2005/4867 |t Ej.2 | ||
